| 000 | 00581nam a2200217Ia 4500 | ||
|---|---|---|---|
| 003 | 0100 | ||
| 008 | 130303s9999 xx 000 0 und d | ||
| 040 | _cARRUPELIB | ||
| 050 | _aBT121.2.G441984 | ||
| 100 | _aGelpi, Donald L | ||
| 245 | 4 | _aThe divine mother | |
| 245 | _bA trinitarian theology of the holy spirit | ||
| 260 | _aNY | ||
| 260 | _bUniv. Pr. of America | ||
| 260 | _C1984 | ||
| 300 | _a245p | ||
| 650 | _bLiterature -- Terminology | ||
| 650 | _cLiterature -- Handbooks, manuals, etc | ||
| 650 | _dEnglish literature -- Handbooks, manuals, etc | ||
| 942 | 0 | 0 | _01 |
| 999 |
_c23849 _d23849 |
||